LEADER 01058nam a2200265 4500 001 000000339539 003 CaOOAMICUS 005 20200424162640.0 008 200220s2006 it a 000 u ita r 020 $a88-89721-05-7 040 $aSeMil$bita 100 1 $aLimiti, Giuliana.$0(OLS)http://semarc/name/44054 245 12$aI diritti del bambino :$bla figura di Janusz Korczak /$c[Giuliana Limiti]. 264 1$aMilano :$bProedi,$c2006. 300 $a63 p. :$bill. ;$c20 cm 541 0 $aFondo mons. Mario Delpini 650 4$aKorczak, Janusz.$0(OLS)http://semarc/subject/45353 650 4$aBambini - Diritti.$0(OLS)http://semarc/subject/15005 850 $aSeMil 852 $aSeMil$W1$xVenegono$y1$m3L II 257$j221107$B232748$CSeMilBibl$Z2$F232748 $81 941 1 $a7 996 $6020$a88-89721-05-7$9(OLS)http://semarc/number/289982 996 $6245$aI diritti del bambino :$bla figura di Janusz Korczak$9(OLS)http://semarc/title/428334 996 $6264$aMilano :$bProedi$9(OLS)http://semarc/publisher/34259 LEADER 00639nab a2200181 i 4500 001 000000271224 003 CaOOAMICUS 005 20090615000000.0 008 090615n xx uu u0 0und r 013 $a18325 020 $a978-2-13-057295-4 040 $aSeMil$bita 245 10$aMéthode et interprétation à l'âge classique. 500 $aAVRIL-JUIN 2009. 700 1 $aKlajnman, Adrien.$0(OLS)http://semarc/name/83991 773 0 $t[2009].$dParis : PUF, copyr. 2009.$w()178205 996 $6020$a978-2-13-057295-4$9(OLS)http://semarc/number/267449 996 $6245$aMéthode et interprétation à l'âge classique.$9(OLS)http://semarc/title/359846